Statistics for Marvel Villains Starting with X (by picture)

Click here to take the quiz!

General Stats

  • This quiz has been taken 12 times
  • The average score is 2 of 5

Answer Stats

Answer% Correct
X-Ray
89%
Xemnu
56%
Xraven
33%
Xu Xialing
33%
X-Cutioner
22%

Score Distribution

Percentile by Number Answered

Percent of People with Each Score

Your Score History

You have not taken this quiz